Datum a čas kvízu
26
Celkem bodů
Celkový počet nahraných bodů na tomto kvízu bez doplňovacích otázek.
12.
Pořadí na kvízu
Konečné umístění týmu na tomto kvízu.
Zaznamenané odpovědi
| # | Otázka | Odpověď | Body | Výsledky |
|---|---|---|---|---|
| 1. | Ve středu jsme si prostřednict... | B) beze spěchu | 1 | |
| 2. | Mezi Botswanou a jedním evrops... | o Německu | 1 | |
| 3. | V úterý začal vysílat v Česku... | Warner TV | 0 | |
| 4. | Český ministr zemědělství naří... | sbírat lesní klest | 0 | |
| 5. | Začátkem týdne dostal generáln... | o basketbalu | 0 | |
| 6. | Nobelovu cenu za objev krevníc... | Jan Janský | 1 | |
| 7. | Ve kterém orgánu lidského těla... | ve slezině | 1 | |
| 8. | Vyberte pravdivé tvrzení: | D | 1 | |
| 9. | Hemofilie je geneticky podmíně... | Alexej; chromozom X | 0.5 | |
| 10. | Někteří bezobratlí živočichové... | hemolymfa; krvomíza | 0.5 |